The power of positive words / (Record no. 36011)

MARC details
000 -LEADER
fixed length control field 00707nam a22002057a 4500
008 - FIXED-LENGTH DATA ELEMENTS--GENERAL INFORMATION
fixed length control field 100513t xxu||||| |||| 00| 0 eng d
010 ## - LCCN (DPL NO)
LC control number ENG-96074
020 ## - INTERNATIONAL STANDARD BOOK NUMBER
International Standard Book Number 978120736368
Terms of availability 200.00
020 ## - INTERNATIONAL STANDARD BOOK NUMBER
International Standard Book Number 978120736368
Terms of availability 200.00
035 ## - SYSTEM CONTROL NUMBER
System control number EN-79607
037 ## - SOURCE OF ACQUISITION
Source of stock number/acquisition DBAD/pub
040 ## - CATALOGING SOURCE
Original cataloging agency DPL
100 ## - MAIN ENTRY--PERSONAL NAME
Personal name Mittal, Rakesh K.
245 ## - TITLE STATEMENT
Title The power of positive words /
Remainder of title by Rakesh K. Mittal
260 ## - PUBLICATION, DISTRIBUTION, ETC. (IMPRINT)
Place of publication, distribution, etc New delhi
Name of publisher, distributor, etc Sterling paperbacks
Date of publication, distribution, etc 2009
270 ## - ADDRESS
Address A-59,okhla Industrial Area, phasa-11,
City New delhi
Postal code 110020.
300 ## - PHYSICAL DESCRIPTION
Extent viii, 227p. ;
Dimensions 22 cm.(pbk)
942 ## - ADDED ENTRY ELEMENTS (KOHA)
Source of classification or shelving scheme Dewey Decimal Classification
Item type English Books
Call number suffix MIT
Holdings
Withdrawn status Lost status Source of classification or shelving scheme Materials specified (bound volume or other part) Damaged status Not for loan Collection code Home library Current library Date acquired Source of acquisition Cost, normal purchase price Total Checkouts Full call number Barcode Date last seen Copy number Cost, replacement price Koha item type
    Dewey Decimal Classification Pbk   Not For Loan Non-fiction D.B.Act.Division D.B.Act.Division 05/04/2010 DBAD/PUB 200.00   MIT EN-79607 15/05/2010 1 200.00 English Books

© Delhi Public Library
Hit Counter
free hit counter